000
00293 a2200121 4500
001
52994
082
_a
620.1 VLA
090
_c
33319
_d
33319
100
_a
Lawrence H. Van Vlack
245
_a
Materials Science for Engineers
260
_a
Tokyo
_b
Addison Wesley
_c
1980
300
_a
xii, 545 p.
942
_a
NUST-CAE
_k
620.1 VLA
999
_c
288067
_d
288067